| 000 | 00963cam a22002891 4500 | ||
|---|---|---|---|
| 001 | 5360 | ||
| 003 | BD-RjUL | ||
| 005 | 20211208234043.0 | ||
| 008 | 131226r19601959nyu 000 0 eng | ||
| 035 | _a(BD-RjUL)5396 | ||
| 035 | _a(OCoLC)1830032 | ||
| 040 |
_aDLC _cFU-L _dDLC _dBD-RjUL _beng |
||
| 041 | _aeng | ||
| 082 | 0 | 0 |
_a340.5 _bSCC 1960 |
| 100 | 1 |
_aSchlesinger, Rudolf B. _916314 |
|
| 245 | 0 | 0 |
_aComparative law : _bCases, text, materials / _cRudolf B. Schlesinger. |
| 250 | _a2nd ed. | ||
| 260 |
_aBrooklyn : _bFoundation Press, _c1959 [Reprinted 1960]. |
||
| 300 |
_axliv, 635 p. ; _c27cm. |
||
| 490 | 0 | _aUniversity casebook series. | |
| 500 | _a"Survey of articles on comparative and foreign law in English language legal periodicals, 1929-1958": p. 499-600. | ||
| 650 | 0 |
_aComparative law. _911815 |
|
| 650 | 0 |
_aComparative law _xCases. _916850 |
|
| 650 | 0 |
_aComparative law _vBibliography. _916851 |
|
| 942 |
_2ddc _cBK |
||
| 999 |
_c5360 _d5360 |
||